Countries With The Most Blonde People - Statistics

General Stats
  • This quiz has been taken 322 times
  • The average score is 18 of 20
Answer Stats
% Country % Correct
73 Sweden
99%
75 Norway
97%
60 United Kingdom
97%
78 Denmark
96%
80 Finland
96%
68 Germany
96%
60 Russia
96%
90 Iceland
94%
65 Poland
94%
85 Estonia
92%
48 Ireland
92%
70 Netherlands
92%
59 Belgium
91%
82 Latvia
90%
80 Lithuania
89%
66 Belarus
85%
57 Austria
84%
57 Ukraine
84%
52 Czech Republic
82%
45 Slovakia
78%
No matching quizzes found
Score Distribution
Percent of People with Each Score
Percentile by Number Answered
Your Score History
You have not taken this quiz